[Event "XIV Weekend A"]
[Site "Nichelino ITA"]
[Date "2013.10.06"]
[Round "4"]
[White "Yao, Stefano"]
[Black "Mrdja, Milan"]
[WhiteElo "2012"]
[BlackElo "2389"]
[Result "0-1"]
[PlyCount "76"]
[EventDate "2013.10.04"]

1. Nf3 Nf6 2. c4 e6 3. g3 d5 4. d4 Be7 5. Bg2 O-O 6. O-O c6 7. Qc2 b5 8. b3
bxc4 9. bxc4 Ba6 10. Ne5 Nfd7 11. Nxd7 Nxd7 12. Nd2 Qa5 13. Bb2 Nb6 14. c5 Na4
15. Nb3 Qb4 16. Rab1 Nxb2 17. Rxb2 Rab8 18. Rfb1 Qa4 19. Qd2 Rb4 20. Qf4 Bf6
21. Qc7 Bxd4 22. Nxd4 Rxb2 23. Rxb2 Qxd4 24. Rb8 Qxc5 25. Rxf8+ Qxf8 26. Qxa7
Bb5 27. e4 Qe8 28. Bf1 dxe4 29. Qd4 Qa8 30. Bc4 h6 31. Bb3 Qa3 32. Qxe4 Qc1+
33. Kg2 Qf1+ 34. Kf3 Bd3 35. Qe3 c5 36. h4 c4 37. Ba4 c3 38. Qe5 c2 0-1

[Event "XIV Weekend A"]
[Site "Nichelino ITA"]
[Date "2013.10.06"]
[Round "5"]
[White "Briata, Federico"]
[Black "Boschetti, Claudio"]
[WhiteElo "1891"]
[BlackElo "2147"]
[Result "0-1"]
[PlyCount "76"]
[EventDate "2013.10.04"]

1. e4 e5 2. Nf3 Nc6 3. d4 exd4 4. Nxd4 Qh4 5. Nc3 Bb4 6. Be2 Qxe4 7. Ndb5 Kd8
8. O-O Bxc3 9. bxc3 Nf6 10. Bd3 Qg4 11. f3 Qh5 12. Qe1 d6 13. Qg3 Ne8 14. Re1
Be6 15. Bg5+ Kd7 16. c4 h6 17. Be3 Ne5 18. Qf4 f5 19. c5 Nxd3 20. cxd3 Qf7 21.
cxd6 c6 22. Nxa7 Nxd6 23. Bc5 Nc8 24. Nxc8 Kxc8 25. Re2 Ra5 26. d4 Rb5 27. Qd6
Re8 28. Rae1 Bd7 29. Rxe8+ Bxe8 30. Re7 Rb1+ 31. Kf2 Rb2+ 32. Kg1 Rb1+ 33. Kf2
Rb2+ 34. Ke1 Rb1+ 35. Kd2 Qxa2+ 36. Ke3 Re1+ 37. Kf4 Qd2+ 38. Kxf5 Qg5# 0-1

[Event "XIV Weekend A"]
[Site "Nichelino ITA"]
[Date "2013.10.06"]
[Round "5"]
[White "Damia, Angelo"]
[Black "Cacinschi, Alexandru"]
[WhiteElo "2188"]
[BlackElo "2065"]
[Result "1/2-1/2"]
[PlyCount "137"]
[EventDate "2013.10.04"]

1. e4 e6 2. d4 d5 3. Nc3 Bb4 4. exd5 exd5 5. Qf3 c6 6. Bd3 Nf6 7. Bg5 Be7 8. h3
O-O 9. Nge2 Nbd7 10. g4 Re8 11. O-O-O Ne4 12. Bxe7 Qxe7 13. Bxe4 dxe4 14. Qe3
Nb6 15. Ng3 Nd5 16. Nxd5 cxd5 17. f3 exf3 18. Qxe7 Rxe7 19. Rhf1 Bd7 20. Rxf3
Rae8 21. Rdf1 g6 22. R1f2 Bb5 23. Kd2 Rc8 24. Rf6 Rc6 25. Rxc6 Bxc6 26. Re2 Kf8
27. b3 Bb5 28. Rf2 Ke8 29. a4 Ba6 30. Rf3 f6 31. Rc3 Kf7 32. Rc5 Rd7 33. Ra5
Ke6 34. b4 Bc4 35. Rxa7 f5 36. gxf5+ gxf5 37. Nh5 Kf7 38. Nf4 Re7 39. a5 Kf6
40. b5 Re4 41. Rxb7 Rxf4 42. a6 Bxb5 43. Rxb5 Rxd4+ 44. Ke3 Ra4 45. Rxd5 Rxa6
46. c4 Ra3+ 47. Kd4 Rxh3 48. c5 Rh4+ 49. Kd3 Ke6 50. Rd8 Ke7 51. Rd5 Ke6 52.
Rd6+ Ke7 53. Kc3 Re4 54. Rd5 Ke6 55. Rd1 Ke7 56. Rh1 Kd7 57. Rh6 Kc7 58. Rf6
Rf4 59. Kd3 h5 60. Ke3 Re4+ 61. Kf3 Re5 62. Kf4 Re4+ 63. Kf3 Re5 64. Rh6 Rxc5
65. Rxh5 Kd6 66. Kf4 Rc4+ 67. Kxf5 Rc5+ 68. Kg6 Rxh5 69. Kxh5 1/2-1/2

[Event "XIV Weekend A"]
[Site "Nichelino ITA"]
[Date "2013.10.06"]
[Round "5"]
[White "Di Chiara, Mauro"]
[Black "D'Ingiullo, Roberto"]
[WhiteElo "2011"]
[BlackElo "2110"]
[Result "1/2-1/2"]
[PlyCount "56"]
[EventDate "2013.10.04"]

1. Nf3 c5 2. e4 Nc6 3. d4 cxd4 4. Nxd4 e5 5. Nb5 d6 6. N1c3 a6 7. Na3 b5 8. Nd5
Nge7 9. c3 Nxd5 10. exd5 Ne7 11. Nc2 Ng6 12. a4 Bd7 13. axb5 axb5 14. Bd2 Be7
15. Be2 O-O 16. O-O f5 17. Nb4 Qb6 18. Qb3 Kh8 19. Nc6 Bxc6 20. dxc6 Qxc6 21.
Qxb5 Qc7 22. Qd5 Rab8 23. b3 Rfc8 24. Bc4 Qc5 25. Ra5 Qxd5 26. Bxd5 Rc5 27.
Rxc5 dxc5 28. Ra1 Rd8 1/2-1/2

[Event "XIV Weekend A"]
[Site "Nichelino ITA"]
[Date "2013.10.06"]
[Round "5"]
[White "Di Stefano, Marco T."]
[Black "Brandola, Davide"]
[WhiteElo "1702"]
[BlackElo "1912"]
[Result "1/2-1/2"]
[PlyCount "45"]
[EventDate "2013.10.04"]

1. e4 a6 2. d4 b5 3. Bf4 Bb7 4. Nd2 Nf6 5. Bd3 e6 6. Ngf3 c5 7. c3 Nc6 8. Qe2
cxd4 9. Nxd4 d6 10. Nxc6 Bxc6 11. Rd1 e5 12. Bg5 Be7 13. O-O Qb6 14. Be3 Qb7
15. Bg5 O-O 16. Bc2 Rfe8 17. Nb3 Qc7 18. f3 Rad8 19. Rd3 d5 20. Bxf6 Bxf6 21.
exd5 Bxd5 22. Rfd1 Be6 23. Qe4 1/2-1/2

[Event "XIV Weekend A"]
[Site "Nichelino ITA"]
[Date "2013.10.06"]
[Round "5"]
[White "Llupa, Oltjon"]
[Black "Gastaldello, Lorenzo"]
[WhiteElo "1939"]
[BlackElo "1970"]
[Result "0-1"]
[PlyCount "112"]
[EventDate "2013.10.04"]

1. d4 d5 2. c4 e6 3. Nc3 Nf6 4. Nf3 Be7 5. Bf4 O-O 6. e3 c6 7. Bd3 dxc4 8. Bxc4
b5 9. Bd3 a6 10. h3 Bb7 11. O-O Nbd7 12. Qe2 c5 13. dxc5 Nxc5 14. Bc2 Rc8 15.
a3 Nd5 16. Nxd5 Bxd5 17. Rfd1 Qb6 18. Ne5 Bf6 19. b4 Bxe5 20. Bxe5 Nd7 21. Bb2
f5 22. Rd2 Qb7 23. f3 Nb6 24. Bd4 Nc4 25. Rdd1 e5 26. Bc5 Rf6 27. Qd3 Be6 28.
Rab1 Re8 29. a4 Rg6 30. axb5 Qxf3 31. Qf1 Qxf1+ 32. Rxf1 Na3 33. Bd3 Nxb1 34.
Rxb1 axb5 35. Bxb5 Rb8 36. Rd1 Bb3 37. Rd3 Rxb5 38. Rxb3 Rc6 39. Rc3 Kf7 40.
Kf2 Ke6 41. e4 fxe4 42. Ke3 Kd5 43. Ra3 Rbxc5 44. bxc5 Rxc5 45. g3 h6 46. g4 g5
47. Rb3 Ra5 48. Rc3 Ra1 49. Rc8 Ra3+ 50. Kd2 Rxh3 51. Rd8+ Ke6 52. Re8+ Kf6 53.
Ra8 Rf3 54. Ra6+ Kg7 55. Ra7+ Rf7 56. Ra5 Rf4 0-1

[Event "XIV Weekend A"]
[Site "Nichelino ITA"]
[Date "2013.10.06"]
[Round "5"]
[White "Manunta, Andrea"]
[Black "Yao, Stefano"]
[WhiteElo "1912"]
[BlackElo "2012"]
[Result "0-1"]
[PlyCount "68"]
[EventDate "2013.10.04"]

1. d4 Nf6 2. Nf3 e6 3. e3 c5 4. b3 Qa5+ 5. Bd2 Qc7 6. Bd3 d5 7. c4 Nc6 8. Nc3
Be7 9. O-O O-O 10. Rc1 dxc4 11. Bxc4 Rd8 12. dxc5 Bxc5 13. Qe2 Qe7 14. Na4 Ba3
15. Rcd1 Ne4 16. Bc1 Bd6 17. Bd3 Nf6 18. Nb2 e5 19. e4 Bg4 20. Be3 Bc5 21. h3
Bh5 22. Bxc5 Qxc5 23. g4 Bg6 24. Na4 Qe7 25. Nc3 Qb4 26. g5 Qxc3 27. gxf6 Bh5
28. Qe3 Bxf3 29. Qg5 Kf8 30. Qxg7+ Ke8 31. Qg8+ Kd7 32. Ba6+ Ke6 33. Rxd8 Rxd8
34. Qg5 bxa6 0-1

[Event "XIV Weekend A"]
[Site "Nichelino ITA"]
[Date "2013.10.06"]
[Round "5"]
[White "Melone, Antonio"]
[Black "Finocchiaro, Gianluca"]
[WhiteElo "2129"]
[BlackElo "2061"]
[Result "1/2-1/2"]
[PlyCount "42"]
[EventDate "2013.10.04"]

1. d4 d6 2. Nf3 Bg4 3. g3 Nf6 4. Bg2 c6 5. c4 Nbd7 6. h3 Bh5 7. Bf4 e5 8. dxe5
dxe5 9. Bd2 e4 10. Ng5 Nc5 11. g4 Bg6 12. b4 h6 13. bxc5 hxg5 14. Be3 Qc7 15.
Nd2 Nxg4 16. hxg4 Rxh1+ 17. Bxh1 Qh2 18. Nf1 Qxh1 19. Qd4 Be7 20. Qxg7 O-O-O
21. Qe5 Qh3 1/2-1/2

[Event "XIV Weekend A"]
[Site "Nichelino ITA"]
[Date "2013.10.06"]
[Round "5"]
[White "Mrdja, Milan"]
[Black "Dragojlovic, Andjelko"]
[WhiteElo "2389"]
[BlackElo "2342"]
[Result "1-0"]
[PlyCount "46"]
[EventDate "2013.10.04"]

1. e4 c5 2. Nf3 g6 3. c3 Bg7 4. d4 cxd4 5. Nxd4 Nc6 6. Nb3 Nf6 7. Be2 O-O 8.
O-O d6 9. Kh1 a6 10. Bg5 b5 11. a3 Bb7 12. f4 Rc8 13. Bf3 h6 14. Bh4 e5 15. f5
g5 16. Bf2 Nd7 17. Re1 Kh7 18. Qe2 Qc7 19. Rd1 Rb8 20. h4 Rg8 21. g3 Bf8 22. h5
Nb6 23. Bg2 Bg7 {...} 1-0

[Event "XIV Weekend A"]
[Site "Nichelino ITA"]
[Date "2013.10.06"]
[Round "5"]
[White "Ravagnani, Tiziano"]
[Black "Nastro, Federico"]
[WhiteElo "1972"]
[BlackElo "1878"]
[Result "1/2-1/2"]
[PlyCount "40"]
[EventDate "2013.10.04"]

1. e4 e5 2. Nc3 Nc6 3. f4 exf4 4. d4 Qh4+ 5. Ke2 Qh5+ 6. Nf3 g5 7. Nd5 Kd8 8.
Ke1 h6 9. Be2 Qg6 10. Bd3 Qg7 11. Bd2 Nge7 12. Nxe7 Nxe7 13. d5 d6 14. Bc3 f6
15. Nd4 Ng6 16. Bb5 a6 17. Ba4 h5 18. Ne6+ Bxe6 19. dxe6 Ne5 20. Qd5 Rb8
1/2-1/2

[Event "XIV Weekend C"]
[Site "Nichelino ITA"]
[Date "2013.10.04"]
[Round "1"]
[White "Allovio, Giacomo"]
[Black "Petrini, Emanuela"]
[WhiteElo "1371"]
[BlackElo "1374"]
[Result "1-0"]
[PlyCount "43"]
[EventDate "2013.10.04"]

1. e4 e5 2. Nf3 Nc6 3. Bc4 Nf6 4. d3 d5 5. exd5 Nxd5 6. Bb5 Bd6 7. O-O O-O 8.
Bxc6 bxc6 9. d4 Re8 10. dxe5 Bxe5 11. Nxe5 Rxe5 12. Bd2 Rb8 13. Nc3 Rxb2 14.
Nxd5 cxd5 15. Bc3 Ba6 16. Bxb2 Be2 17. Qe1 Re4 18. f3 Bxf3 19. Qg3 g6 20. Qxf3
Qf8 21. Qf6 Re2 22. Qh8# 1-0

[Event "XIV Weekend C"]
[Site "Nichelino ITA"]
[Date "2013.10.04"]
[Round "1"]
[White "Buffa, Leone"]
[Black "Antoniu, Christian"]
[WhiteElo "1479"]
[BlackElo "1392"]
[Result "1-0"]
[PlyCount "99"]
[EventDate "2013.10.04"]

1. e4 e5 2. Nf3 Nc6 3. Bc4 Be7 4. O-O Nf6 5. Nc3 d6 6. Ng5 O-O 7. h3 Nd4 8. Nd5
Ne6 9. d3 c6 10. Nxe7+ Qxe7 11. Nxe6 fxe6 12. Bg5 b5 13. Bb3 Bb7 14. Qg4 d5 15.
exd5 exd5 16. c4 a6 17. cxd5 cxd5 18. Rac1 h6 19. Bxf6 Qxf6 20. Rc7 Rf7 21.
Rxb7 Rxb7 22. Bxd5+ Kh7 23. Qe4+ g6 24. Bxb7 Ra7 25. Bxa6 Rxa6 26. Qb7+ Kg8 27.
Rc1 Rd6 28. Rc8+ Rd8 29. Rxd8+ Qxd8 30. Qxb5 Kf7 31. a4 Ke6 32. a5 Kd6 33. a6
Qc7 34. Qb7 Qxb7 35. axb7 Kc7 36. Kh2 Kxb7 37. Kg3 Kc6 38. f4 Kd5 39. fxe5 Kxe5
40. Kf3 g5 41. g4 Kd5 42. d4 Kxd4 43. b4 Kc4 44. Ke4 Kxb4 45. Kf5 Kc4 46. Kg6
Kd4 47. Kxh6 Ke4 48. Kxg5 Ke5 49. h4 Ke6 50. Kg6 1-0

[Event "XIV Weekend C"]
[Site "Nichelino ITA"]
[Date "2013.10.04"]
[Round "1"]
[White "Petrini, Davide"]
[Black "Buffa, Demetrio"]
[WhiteElo "1311"]
[BlackElo "1392"]
[Result "1/2-1/2"]
[PlyCount "111"]
[EventDate "2013.10.04"]

1. e4 e6 2. d4 d5 3. Nc3 c5 4. Nf3 Nc6 5. Be3 Qb6 6. b3 Qa5 7. Qd2 Nf6 8. e5
Ng8 9. Bd3 Nge7 10. O-O Nf5 11. Bxf5 exf5 12. Nxd5 Qd8 13. c4 Be6 14. Nf4 cxd4
15. Nxd4 Nb4 16. Ndxe6 Qxd2 17. Nc7+ Kd7 18. Bxd2 Kxc7 19. Bxb4 Bxb4 20. Nd5+
Kd7 21. Nxb4 Rhe8 22. Rad1+ Kc7 23. Rfe1 Rad8 24. Rxd8 Kxd8 25. h3 f6 26. Nd3
Rf8 27. exf6 Rxf6 28. f4 Rd6 29. Nc5 Rd2 30. Nxb7+ Kc7 31. Nc5 Rxa2 32. Ne6+
Kc6 33. Nxg7 Rb2 34. Nxf5 Kc5 35. Kf1 Rxb3 36. g4 Rf3+ 37. Kg2 Rxf4 38. Kg3
Rxc4 39. Re5+ Kb4 40. Kf3 Rc3+ 41. Re3 Rc1 42. Re4+ Kb3 43. Re3+ Kc2 44. Nd4+
Kb1 45. Ke2 a5 46. Nb3 Rc2+ 47. Kd1 a4 48. Nd2+ Kb2 49. Re5 Rc1+ 50. Ke2 a3 51.
Rb5+ Kc2 52. Nb3 Rb1 53. Nd4+ Kc1 54. Nb3+ Kc2 55. Nd4+ Kc1 56. Nb3+ 1/2-1/2

[Event "XIV Weekend C"]
[Site "Nichelino ITA"]
[Date "2013.10.05"]
[Round "2"]
[White "Allovio, Giacomo"]
[Black "Buffa, Leone"]
[WhiteElo "1371"]
[BlackElo "1479"]
[Result "0-1"]
[PlyCount "82"]
[EventDate "2013.10.04"]

1. e4 e6 2. d4 d5 3. e5 c5 4. c3 Nc6 5. Bb5 a6 6. Bxc6+ bxc6 7. Nf3 cxd4 8.
cxd4 c5 9. O-O Qb6 10. Nbd2 Nh6 11. Qb3 Qb5 12. Qxb5+ axb5 13. Nb3 c4 14. Nbd2
Nf5 15. Nb1 b4 16. a3 Be7 17. Bd2 O-O 18. Rd1 Bd7 19. Be1 bxa3 20. Nxa3 Bxa3
21. Rxa3 Rxa3 22. Bb4 Rxf3 23. gxf3 Rb8 24. Ra1 h6 25. Bc3 Bc8 26. f4 Nh4 27.
h3 Kh7 28. Kh2 Ng6 29. Kg3 h5 30. h4 f6 31. Kh3 Nxf4+ 32. Kg3 Ne2+ 33. Kf3 Nxc3
34. bxc3 fxe5 35. dxe5 Kg6 36. Rg1+ Kh6 37. Rc1 Bb7 38. Kf4 Rf8+ 39. Kg3 d4 40.
cxd4 Rf3+ 41. Kg2 Rc3+ 0-1

[Event "XIV Weekend C"]
[Site "Nichelino ITA"]
[Date "2013.10.05"]
[Round "2"]
[White "Antoniu, Christian"]
[Black "Petrini, Davide"]
[WhiteElo "1392"]
[BlackElo "1311"]
[Result "0-1"]
[PlyCount "106"]
[EventDate "2013.10.04"]

1. d4 d5 2. c4 e5 3. dxe5 dxc4 4. Qxd8+ Kxd8 5. e3 Be6 6. Nd2 Bb4 7. Ngf3 Nc6
8. a3 Bxd2+ 9. Bxd2 Nge7 10. Rc1 b5 11. Be2 a6 12. O-O Ke8 13. a4 Rd8 14. b3
Na5 15. Bxa5 cxb3 16. axb5 axb5 17. Bxb5+ Kf8 18. Rxc7 Nd5 19. Rd1 g6 20. Rxf7+
Kxf7 21. Ng5+ Ke7 22. Nxe6 Kxe6 23. Bc4 b2 24. e4 Rb8 25. Rb1 Kxe5 26. Bxd5
Rhc8 27. Bd2 Kd4 28. Kf1 Kd3 29. Ke1 Kc2 30. Ba2 Ra8 31. Ke2 Rxa2 32. Re1 b1=Q
33. Rxb1 Kxb1 34. Ke3 Ra3+ 35. Kf4 Ra4 36. g4 Rf8+ 37. Ke3 Kc2 38. f4 Ra3+ 39.
Ke2 Re8 40. e5 Re6 41. Be1 h6 42. Bg3 g5 43. f5 Re8 44. Kf2 Rc8 45. Kg2 Ra4 46.
Kh3 Kd3 47. f6 Rf8 48. Kg2 Rxg4 49. h3 Rxg3+ 50. Kxg3 Ke4 51. h4 Kxe5 52. hxg5
hxg5 53. Kg4 Kxf6 0-1

[Event "XIV Weekend C"]
[Site "Nichelino ITA"]
[Date "2013.10.05"]
[Round "2"]
[White "Petrini, Emanuela"]
[Black "Buffa, Demetrio"]
[WhiteElo "1374"]
[BlackElo "1392"]
[Result "1/2-1/2"]
[PlyCount "108"]
[EventDate "2013.10.04"]

1. e4 e6 2. d4 d5 3. Nf3 c5 4. e5 Nc6 5. Be3 Qb6 6. b3 Nge7 7. dxc5 Qd8 8. Nbd2
d4 9. Bf4 Nf5 10. Bd3 Bxc5 11. Ne4 Bb4+ 12. Bd2 Bxd2+ 13. Qxd2 Qa5 14. Qxa5
Nxa5 15. Nd6+ Nxd6 16. exd6 O-O 17. Nxd4 Rd8 18. O-O a6 19. b4 Nc6 20. Nxc6
bxc6 21. Be4 Rxd6 22. Rfd1 Rxd1+ 23. Rxd1 g6 24. Bxc6 Rb8 25. g3 Bb7 26. Bxb7
Rxb7 27. Rd8+ Kg7 28. a3 Rc7 29. Rd2 Rc3 30. a4 Ra3 31. a5 Ra4 32. c3 Ra1+ 33.
Kg2 Rc1 34. b5 Rxc3 35. Rb2 axb5 36. Ra2 Rc7 37. a6 Ra7 38. Kf1 b4 39. Rb2 Rxa6
40. Rxb4 Ra1+ 41. Ke2 Kf6 42. Rf4+ Kg5 43. Rxf7 Ra2+ 44. Kf1 h5 45. Kg2 h4 46.
gxh4+ Kxh4 47. Rf6 g5 48. Rxe6 Ra3 49. f3 g4 50. Re4 Rxf3 51. Re6 Rh3 52. Rh6+
Kg5 53. Rxh3 gxh3+ 54. Kxh3 Kh5 1/2-1/2

[Event "XIV Weekend C"]
[Site "Nichelino ITA"]
[Date "2013.10.05"]
[Round "3"]
[White "Buffa, Demetrio"]
[Black "Antoniu, Christian"]
[WhiteElo "1392"]
[BlackElo "1392"]
[Result "1-0"]
[PlyCount "45"]
[EventDate "2013.10.04"]

1. d4 d5 2. Nc3 c5 3. dxc5 Nc6 4. Qxd5 Qxd5 5. Nxd5 Kd8 6. Bf4 e5 7. Be3 Nf6 8.
O-O-O Nxd5 9. Rxd5+ Bd7 10. Nf3 f6 11. g3 Kc7 12. Bg2 Be6 13. Rd2 Be7 14. h4 h6
15. Bh3 Bxh3 16. Rxh3 g5 17. hxg5 hxg5 18. Rxh8 Rxh8 19. Rd1 g4 20. Nh4 f5 21.
Nxf5 Rh5 22. Ng7 Rf5 23. Nxf5 1-0

[Event "XIV Weekend C"]
[Site "Nichelino ITA"]
[Date "2013.10.05"]
[Round "3"]
[White "Buffa, Leone"]
[Black "Petrini, Emanuela"]
[WhiteElo "1479"]
[BlackElo "1374"]
[Result "1-0"]
[PlyCount "63"]
[EventDate "2013.10.04"]

1. e4 e5 2. Nf3 Nc6 3. Bc4 Nf6 4. Ng5 d5 5. exd5 Nxd5 6. Bxd5 Qxd5 7. O-O Be7
8. Nc3 Qd8 9. Nf3 O-O 10. Re1 Bg4 11. h3 Bh5 12. d3 f6 13. Be3 b6 14. d4 exd4
15. Bxd4 Bxf3 16. gxf3 Qd7 17. Be3 Qxd1 18. Raxd1 Ne5 19. Kg2 Rad8 20. Nd5 Rd7
21. f4 c6 22. Nxe7+ Rxe7 23. fxe5 Rxe5 24. Rd7 Rf7 25. Red1 Ree7 26. Rd8+ Rf8
27. Rxf8+ Kxf8 28. Rd8+ Kf7 29. Kf3 g5 30. c4 Kg6 31. b4 Re5 32. Rd6 1-0

[Event "XIV Weekend C"]
[Site "Nichelino ITA"]
[Date "2013.10.05"]
[Round "3"]
[White "Petrini, Davide"]
[Black "Allovio, Giacomo"]
[WhiteElo "1311"]
[BlackElo "1371"]
[Result "0-1"]
[PlyCount "56"]
[EventDate "2013.10.04"]

1. e4 e5 2. Nf3 Nc6 3. Bc4 Bc5 4. Nc3 Nf6 5. O-O O-O 6. d3 d6 7. h3 Re8 8. Bg5
h6 9. Bh4 Be6 10. Nd5 Bxd5 11. Bxd5 Nb4 12. Bxb7 Rb8 13. Bd5 Nbxd5 14. exd5
Rxb2 15. Qc1 Rb6 16. c4 c6 17. dxc6 Rxc6 18. Rb1 Rb6 19. Rxb6 axb6 20. a4 Re6
21. Re1 Qa8 22. Qa1 Nh5 23. Re4 f5 24. Re1 Nf4 25. g3 Qxf3 26. gxf4 Rg6+ 27.
Kf1 Qxh3+ 28. Ke2 Qxh4 0-1

[Event "XIV Weekend C"]
[Site "Nichelino ITA"]
[Date "2013.10.06"]
[Round "4"]
[White "Allovio, Giacomo"]
[Black "Buffa, Demetrio"]
[WhiteElo "1371"]
[BlackElo "1392"]
[Result "1/2-1/2"]
[PlyCount "70"]
[EventDate "2013.10.04"]

1. e4 e6 2. d4 d5 3. exd5 exd5 4. Qe2+ Qe7 5. Qxe7+ Bxe7 6. Nc3 Bb4 7. Bd2 Bxc3
8. Bxc3 Nc6 9. Bb5 Bd7 10. Ne2 a6 11. Ba4 b5 12. Bb3 b4 13. Bd2 Nf6 14. O-O a5
15. Rfe1 O-O 16. Nf4 Nxd4 17. c3 Nxb3 18. axb3 bxc3 19. Bxc3 a4 20. bxa4 Bxa4
21. Bxf6 gxf6 22. Nxd5 Bb3 23. Nxf6+ Kg7 24. Ne4 Rxa1 25. Rxa1 Rd8 26. h3 Bd5
27. Rd1 Re8 28. Rxd5 Rxe4 29. Rc5 Rb4 30. Rxc7 Rxb2 31. f4 Kg6 32. Rc5 f5 33.
Kh2 Rb4 34. g3 h5 35. h4 Ra4 1/2-1/2

[Event "XIV Weekend C"]
[Site "Nichelino ITA"]
[Date "2013.10.06"]
[Round "4"]
[White "Buffa, Leone"]
[Black "Petrini, Davide"]
[WhiteElo "1479"]
[BlackElo "1311"]
[Result "1-0"]
[PlyCount "33"]
[EventDate "2013.10.04"]

1. e4 e5 2. Nf3 Nc6 3. Bc4 Nf6 4. d3 Bc5 5. c3 d5 6. exd5 Nxd5 7. Qb3 Be6 8.
Qb5 Qe7 9. b4 a6 10. Qa4 b5 11. Bxb5 Bd7 12. Bxc6 Bxc6 13. bxc5 Qxc5 14. Qc4
Qxc4 15. dxc4 Nf6 16. Nxe5 O-O 17. Nxc6 1-0

[Event "XIV Weekend C"]
[Site "Nichelino ITA"]
[Date "2013.10.06"]
[Round "4"]
[White "Petrini, Emanuela"]
[Black "Antoniu, Christian"]
[WhiteElo "1374"]
[BlackElo "1392"]
[Result "1/2-1/2"]
[PlyCount "74"]
[EventDate "2013.10.04"]

1. e4 e5 2. Nf3 Nc6 3. Nc3 Bc5 4. Bc4 Nf6 5. O-O a6 6. d3 b5 7. Bd5 Bb7 8. Bg5
Rb8 9. Bxc6 Bxc6 10. Nxe5 b4 11. Nxc6 dxc6 12. Na4 Be7 13. b3 O-O 14. Nb2 Rb5
15. f4 Qd4+ 16. Rf2 Qxb2 17. Qb1 Qxb1+ 18. Rxb1 h6 19. Bh4 Kh7 20. e5 g5 21.
fxg5 hxg5 22. Bxg5 Rxe5 23. Bxf6 Bxf6 24. Rxf6 Kg7 25. Rxc6 f5 26. Rxc7+ Kg6
27. Rc6+ Kg5 28. g3 Kg4 29. Rg6+ Kh5 30. Rxa6 f4 31. Kf2 fxg3+ 32. Kg2 gxh2 33.
Ra7 Re2+ 34. Kh1 Rff2 35. Rh7+ Kg4 36. Rg7+ Kh4 37. Rh7+ Kg4 1/2-1/2

[Event "XIV Weekend C"]
[Site "Nichelino ITA"]
[Date "2013.10.06"]
[Round "5"]
[White "Buffa, Demetrio"]
[Black "Buffa, Leone"]
[WhiteElo "1392"]
[BlackElo "1479"]
[Result "0-1"]
[PlyCount "114"]
[EventDate "2013.10.04"]

1. d4 Nf6 2. c4 g6 3. Nc3 Bg7 4. e4 d6 5. f4 Nbd7 6. Nf3 c5 7. Be3 b5 8. e5
dxe5 9. fxe5 Ng4 10. Bf4 cxd4 11. Qxd4 Ndxe5 12. Qe4 Rb8 13. Nxe5 Nf6 14. Qd3
Bf5 15. Qxd8+ Rxd8 16. Nc6 Ra8 17. Bb8 Nd7 18. Rd1 O-O 19. Bxa7 Rfe8 20. Bd3
Bg4 21. Be2 Bf5 22. Nd5 Be4 23. Ncxe7+ Kf8 24. Nc7 Rxe7 25. Nxa8 Bxa8 26. Rd6
Bxg2 27. Rg1 Bf3 28. Kd1 Bxe2+ 29. Kd2 Bxc4 30. Bb6 Nxb6 31. Rxb6 Bxa2 32. Ra6
Rd7+ 33. Kc1 Bd4 34. Rd1 Bb3 35. Rd2 Be3 36. Kb1 Bxd2 37. Ra8+ Kg7 38. Ra3 Be6
39. Rf3 Rc7 40. Rf1 Ra7 41. Rf2 Bf5+ 42. Rxf5 gxf5 43. Kc2 f4 44. Kxd2 Re7 45.
Kd1 f3 46. Kd2 f2 47. Kd3 f1=Q+ 48. Kd2 Qe2+ 49. Kc3 Re3+ 50. Kb4 Qxb2+ 51. Kc5
Re4 52. Kd5 Qd4+ 53. Kc6 Re5 54. Kc7 Re6 55. Kb7 Qc5 56. Kb8 Re7 57. Ka8 Qa7#
0-1

[Event "XIV Weekend C"]
[Site "Nichelino ITA"]
[Date "2013.10.06"]
[Round "5"]
[White "Petrini, Davide"]
[Black "Petrini, Emanuela"]
[WhiteElo "1311"]
[BlackElo "1374"]
[Result "1/2-1/2"]
[PlyCount "77"]
[EventDate "2013.10.04"]

1. e4 e5 2. Nf3 Nc6 3. Bc4 Nf6 4. Nc3 Bc5 5. d3 h6 6. O-O O-O 7. Be3 a6 8. Bxc5
d6 9. Be3 b5 10. Bd5 Nxd5 11. exd5 Ne7 12. d4 b4 13. Ne4 Nxd5 14. c3 Bf5 15.
Qd3 bxc3 16. bxc3 Rb8 17. Rab1 Bxe4 18. Qxe4 Nxc3 19. Rxb8 Qxb8 20. Qc2 Nd5 21.
Rb1 Qd8 22. Qc4 Nb6 23. Qxa6 e4 24. Nd2 Re8 25. a4 Nd5 26. Qc6 Nf6 27. Nxe4
Nxe4 28. a5 Qa8 29. Qxc7 Rc8 30. Qb7 Qxb7 31. Rxb7 Ra8 32. a6 Rxa6 33. f3 Nc3
34. Rb8+ Kh7 35. Bd2 Ne2+ 36. Kf2 Nxd4 37. Ke3 Nc2+ 38. Ke4 d5+ 39. Kxd5
1/2-1/2

[Event "LXXIII C.to Italiano"]
[Site "Roma ITA"]
[Date "2013.11.21"]
[Round "1"]
[White "Caprio, Guido"]
[Black "David, Alberto"]
[Result "1-0"]
[WhiteElo "2418"]
[BlackElo "2580"]
[PlyCount "68"]
[EventDate "2013.11.21"]

1. d4 Nf6 2. c4 b6 3. f3 Nc6 4. Nc3 e5 5. d5 Na5 6. e4 Nh5 7. g3 g6 8. Be3 Be7
9. Bd3 O-O 10. Nge2 Ba6 11. b3 c6 12. Qd2 Bb4 13. O-O Rc8 14. Qb2 Nb7 15. Kh1
Bc5 16. Bh6 Re8 17. b4 Be7 18. Rad1 Nd6 19. c5 Nc4 20. Qb3 b5 21. dxc6 Rxc6 22.
a4 bxa4 23. Nxa4 g5 24. Bxg5 Bxg5 25. Bxc4 Bxc4 26. Qxc4 Qe7 27. Nac3 Rh6 28.
Qd3 Rd8 29. f4 exf4 30. gxf4 Bh4 31. Rg1+ Kh8 32. Nd5 Qe6 33. Nd4 Nxf4 34. Nxf4
Qe5 1-0

[Event "LXXIII C.to Italiano"]
[Site "Roma ITA"]
[Date "2013.11.21"]
[Round "1"]
[White "De Filomeno, Simone"]
[Black "Garcia Palermo, Carlos Horacio"]
[Result "1/2-1/2"]
[WhiteElo "2431"]
[BlackElo "2450"]
[PlyCount "68"]
[EventDate "2013.11.21"]

1. d4 e6 2. c4 c5 3. d5 exd5 4. cxd5 d6 5. Nc3 g6 6. Bf4 Nf6 7. Nf3 a6 8. a4
Bg7 9. h3 Qe7 10. e3 Nbd7 11. Be2 O-O 12. O-O Ne8 13. Kh1 Rb8 14. Qc2 f5 15. a5
b5 16. axb6 Rxb6 17. Nd2 g5 18. Bh2 f4 19. Bd3 Ne5 20. Bxh7+ Kh8 21. Rae1 f3
22. Be4 fxg2+ 23. Bxg2 g4 24. Bxe5 Bxe5 25. f4 gxf3 26. Rxf3 Rg8 27. Nc4 Rb4
28. Nxe5 Qxe5 29. e4 Nf6 30. Qc1 Rg6 31. Ref1 Rb7 32. Qf4 Qxf4 33. Rxf4 Kg7 34.
R1f2 Re7 1/2-1/2

[Event "LXXIII C.to Italiano"]
[Site "Roma ITA"]
[Date "2013.11.21"]
[Round "1"]
[White "Dvirnyy, Danyyil"]
[Black "Rombaldoni, Axel"]
[Result "1-0"]
[WhiteElo "2560"]
[BlackElo "2530"]
[PlyCount "81"]
[EventDate "2013.11.21"]

1. Nf3 c5 2. c4 b6 3. g3 Bb7 4. Bg2 g6 5. O-O Bg7 6. Nc3 Nc6 7. d3 d6 8. Bd2 e6
9. a3 Nge7 10. Rb1 O-O 11. b4 Qd7 12. e3 Rfd8 13. Qb3 cxb4 14. axb4 Ne5 15. Ne1
Bxg2 16. Kxg2 Qb7+ 17. Kg1 d5 18. cxd5 Nxd5 19. d4 Nxc3 20. Bxc3 Ng4 21. Nd3
Rd5 22. Nf4 Rf5 23. Rbe1 Nf6 24. f3 Rb5 25. e4 a5 26. d5 e5 27. Nd3 Ne8 28.
Nxe5 axb4 29. Bb2 Qe7 30. f4 h5 31. Rc1 Nd6 32. Nc6 Qd7 33. e5 Nf5 34. Rfd1 Kh7
35. e6 Qd6 36. Be5 Qf8 37. d6 fxe6 38. d7 Rd5 39. Rxd5 exd5 40. Qxd5 Bxe5 41.
fxe5 1-0

[Event "LXXIII C.to Italiano"]
[Site "Roma ITA"]
[Date "2013.11.21"]
[Round "1"]
[White "Godena, Michele"]
[Black "Cocchi, Andrea"]
[Result "1-0"]
[WhiteElo "2501"]
[BlackElo "2322"]
[PlyCount "137"]
[EventDate "2013.11.21"]

1. e4 e6 2. d4 d5 3. Nd2 c5 4. exd5 Qxd5 5. Ngf3 cxd4 6. Bc4 Qd6 7. O-O Nf6 8.
Nb3 Nc6 9. Nbxd4 Nxd4 10. Nxd4 a6 11. Re1 Be7 12. c3 O-O 13. Qf3 Bd7 14. Bb3
Qc5 15. Qxb7 e5 16. Nc2 Rfb8 17. Qf3 a5 18. Bg5 a4 19. Bxf6 Bxf6 20. Bd5 Ra7
21. Nb4 a3 22. bxa3 Rxa3 23. Bb3 e4 24. Qf4 Rf8 25. Nd5 Bd8 26. Rad1 Be6 27.
Qxe4 Bxd5 28. Rxd5 Qc7 29. Qd3 Bf6 30. Rd7 Qxc3 31. Qxc3 Bxc3 32. Re3 Bb2 33.
Ree7 Bf6 34. Rxf7 Rxf7 35. Bxf7+ Kh8 36. g3 g6 37. Bb3 Ra8 38. Kg2 Rd8 39. Rf7
Bd4 40. h4 Bc5 41. Rc7 Bb6 42. Rc6 Ba7 43. Ra6 Bc5 44. Ra5 Bb6 45. Rb5 Ba7 46.
Rb7 Bc5 47. Rc7 Bb6 48. Rc6 Ba7 49. g4 Rf8 50. f3 Be3 51. g5 Bd2 52. Re6 Kg7
53. Re7+ Kh8 54. Kg3 h6 55. gxh6 Bxh6 56. Re6 Kg7 57. Bc2 Rf6 58. Rxf6 Kxf6 59.
Kg4 Bd2 60. a4 Kg7 61. h5 gxh5+ 62. Kxh5 Kf6 63. Kg4 Ke5 64. Bb1 Kd4 65. f4 Kd5
66. f5 Ke5 67. Ba2 Ba5 68. Kg5 Bd8+ 69. Kg6 1-0